Central Library OPAC University of Rajshahi

Energy politics / (Record no. 59027)

MARC details
000 -LEADER
fixed length control field 00769nam a2200265 a 4500
001 - CONTROL NUMBER
control field 59027
003 - CONTROL NUMBER IDENTIFIER
rucl marc code BD-RjUL
005 - DATE AND TIME OF LATEST TRANSACTION
control field 20211209080703.0
008 - FIXED-LENGTH DATA ELEMENTS--GENERAL INFORMATION
fixed length control field 161220s1978 nyua 000 0 eng
020 ## - INTERNATIONAL STANDARD BOOK NUMBER
International Standard Book Number 0312252013 :
Terms of availability $12.95.
International Standard Book Number 0312252021 (pbk.)
035 ## - SYSTEM CONTROL NUMBER
System control number (BD-RjUL)59151
040 ## - CATALOGING SOURCE
Original cataloging agency DLC
Transcribing agency DLC
Modifying agency BD-RjUL
Language of cataloging eng
041 ## - LANGUAGE CODE
Language code of text/sound track or separate title eng
082 ## - DEWEY DECIMAL CLASSIFICATION NUMBER
Edition number 23
Classification number 333.7
Author mark and year DAE 1978
100 1# - MAIN ENTRY--PERSONAL NAME
Personal name Davis, David Howard.
9 (RLIN) 175556
245 10 - TITLE STATEMENT
Title Energy politics /
Statement of responsibility, etc. David Howard Davis
250 ## - EDITION STATEMENT
Edition statement 2d ed.
260 ## - PUBLICATION, DISTRIBUTION, ETC. (IMPRINT)
Place of publication, distribution, etc. New York :
Name of publisher, distributor, etc. St. Martin's Press,
Date of publication, distribution, etc. c1978.
300 ## - PHYSICAL DESCRIPTION
Pagination vii, 278 p. :
Illustrations ill. ;
Size 22 cm.
650 ## - SUBJECT ADDED ENTRY--TOPICAL TERM
Topical term or geographic name as entry element Power resources
Geographic subdivision United States
9 (RLIN) 175557
Topical term or geographic name as entry element Energy policy
Geographic subdivision United States
9 (RLIN) 175558
Topical term or geographic name as entry element Energy policy
9 (RLIN) 175559
942 ## - ADDED ENTRY ELEMENTS (KOHA)
Source of classification or shelving scheme Dewey Decimal Classification
Koha item type Books
Holdings
Lost status Source of classification or shelving scheme Damaged status Not for loan Collection code Permanent Location Current Location Shelving location Date acquired Total Checkouts Full call number Date last seen Copy number Koha item type Source of acquisition
  Dewey Decimal Classification   Not For Loan Non-fiction Central Library, University of Rajshahi Central Library, University of Rajshahi Reading Room 26/08/1989   333.7 DAE 1978 20/12/2016 C-1 Books  
  Dewey Decimal Classification     Non-fiction Central Library, University of Rajshahi Central Library, University of Rajshahi   18/08/1991   333.7 DAE 1978 25/03/2017 C-2 Books Asia Foundation